00319pab a2200121 454500008004000000100001800040245004900058260000900107300001300116362001100129650002300140773003400163180718b2011 xxu||||| |||| 00| 0 eng d aSankar, Deepa aEducation sector grants: Misplaced criticism c2011 ap.80-82. a23 Apr aEducational grants aEconomic and Political Weekly